[Event "Open SSC Rostock 07"]
[Site "Rostock"]
[Date "2008.08.29"]
[Round "4.14"]
[White "Zoll, Detlef"]
[Black "Vladov, Mark"]
[Result "1/2-1/2"]
[WhiteElo "2035"]
[BlackElo "1708"]
[PlyCount "47"]
[EventDate "2008.08.28"]
[EventType "swiss"]
[EventRounds "7"]
[EventCountry "GER"]
[Source "Th.Schwetlick"]
[SourceDate "2008.08.28"]
[WhiteTeam "ESV 1949 Eberswalde"]
[BlackTeam "SF Ostsee Warnemuende"]

1. d4 Nf6 2. Nc3 e6 3. e4 Bb4 4. e5 Nd5 5. Qg4 g6 6. Bd2 f5 7. Qg3 Nxc3 8. bxc3
Be7 9. h4 Nc6 10. Be2 d6 11. f4 Rg8 12. Nf3 h6 13. Qf2 b6 14. Qe3 d5 15. Kf2
Na5 16. Bc1 c5 17. Ba3 cxd4 18. cxd4 Bd7 19. Bxe7 Qxe7 20. g3 Rc8 21. Rhc1 b5
22. Nd2 Nc4 23. Nxc4 bxc4 24. Qc3 1/2-1/2

[Event "Open SSC Rostock 07"]
[Site "Rostock"]
[Date "2008.08.29"]
[Round "4.15"]
[White "Xu, Xianliang"]
[Black "Weber, Max"]
[Result "1/2-1/2"]
[WhiteElo "1871"]
[BlackElo "1614"]
[PlyCount "52"]
[EventDate "2008.08.28"]
[EventType "swiss"]
[EventRounds "7"]
[EventCountry "GER"]
[Source "Th.Schwetlick"]
[SourceDate "2008.08.28"]
[WhiteTeam "SK Bebenhausen 1992"]
[BlackTeam "SSC Rostock 07"]

1. b3 e5 2. Bb2 Nc6 3. e3 Nf6 4. Bb5 d6 5. d4 exd4 6. exd4 a6 7. Bxc6+ bxc6 8.
Nf3 Qe7+ 9. Qe2 Qxe2+ 10. Kxe2 Be7 11. Re1 O-O 12. Kf1 Re8 13. Nbd2 Bf5 14. c4
Nd7 15. Ne4 Bf6 16. Nxf6+ Nxf6 17. Rad1 Rxe1+ 18. Rxe1 Kf8 19. Nd2 Bd3+ 20. Kg1
Re8 21. Rxe8+ Kxe8 22. f3 Ke7 23. Kf2 Ke6 24. Ke3 Bg6 25. a3 h6 26. Bc3 Bc2
1/2-1/2

[Event "Open SSC Rostock 07"]
[Site "Rostock"]
[Date "2008.08.29"]
[Round "4.16"]
[White "Hingst, Silke"]
[Black "Schreiber, Nico"]
[Result "1-0"]
[WhiteElo "1774"]
[BlackElo "1685"]
[PlyCount "63"]
[EventDate "2008.08.28"]
[EventType "swiss"]
[EventRounds "7"]
[EventCountry "GER"]
[Source "Th.Schwetlick"]
[SourceDate "2008.08.28"]
[WhiteTeam "SSC Rostock 07"]
[BlackTeam "ASV Gruen-Weiss Wismar"]

1. e4 e6 2. d4 d5 3. Nd2 dxe4 4. Nxe4 Bd7 5. Nf3 Bc6 6. Bd3 Be7 7. c3 Nd7 8.
O-O Ngf6 9. Nxf6+ Nxf6 10. Re1 Bxf3 11. Qxf3 Qd5 12. Qd1 Bd6 13. h3 O-O-O 14.
Qa4 Kb8 15. Be2 Be7 16. Bf3 Qd7 17. Qb3 c6 18. a4 Kc7 19. Qc4 a5 20. Bf4+ Bd6
21. Bxd6+ Qxd6 22. Re5 Nd5 23. Rae1 Kd7 24. Qb3 Ra8 25. Bxd5 cxd5 26. Qxb7+ Qc7
27. Rxd5+ exd5 28. Re7+ Kxe7 29. Qxc7+ Ke6 30. Qe5+ Kd7 31. Qxd5+ Kc7 32. Qxf7+
1-0

[Event "Open SSC Rostock 07"]
[Site "Rostock"]
[Date "2008.08.29"]
[Round "4.17"]
[White "Bezkorovaynyy, Mykola"]
[Black "Birnbaum, Wolf Dieter"]
[Result "0-1"]
[WhiteElo "1612"]
[BlackElo "2096"]
[PlyCount "52"]
[EventDate "2008.08.28"]
[EventType "swiss"]
[EventRounds "7"]
[EventCountry "GER"]
[Source "Th.Schwetlick"]
[SourceDate "2008.08.28"]
[WhiteTeam "ESV Rot-Weiss Goettingen"]
[BlackTeam "SF Ostsee Warnemuende"]

1. c4 c5 2. Nc3 Nc6 3. g3 g6 4. Bg2 Bg7 5. e3 e6 6. Nge2 Nge7 7. O-O O-O 8. a3
d5 9. cxd5 exd5 10. d4 cxd4 11. Nxd4 Nxd4 12. exd4 Nf5 13. Nxd5 Be6 14. Nf4 Bc4
15. Re1 Bxd4 16. Bxb7 Bxf2+ 17. Kxf2 Qb6+ 18. Kg2 Qxb7+ 19. Kf2 Rfd8 20. Qa4
Rac8 21. Qa5 Nd4 22. Be3 Qxb2+ 23. Qd2 Qxd2+ 24. Bxd2 Nb3 25. Rac1 Rxd2+ 26.
Kg1 Nxc1 0-1

[Event "Open SSC Rostock 07"]
[Site "Rostock"]
[Date "2008.08.29"]
[Round "4.18"]
[White "Mueggenburg, Rolf"]
[Black "Lehmann, Torsten"]
[Result "1/2-1/2"]
[WhiteElo "1533"]
[BlackElo "1970"]
[PlyCount "100"]
[EventDate "2008.08.28"]
[EventType "swiss"]
[EventRounds "7"]
[EventCountry "GER"]
[Source "Th.Schwetlick"]
[SourceDate "2008.08.28"]
[WhiteTeam "HSG Uni Rostock"]
[BlackTeam "ESV 1949 Eberswalde"]

1. Nf3 g6 2. g3 Bg7 3. Bg2 c6 4. O-O Nh6 5. d4 O-O 6. c3 f6 7. Bf4 Nf7 8. Qb3
d5 9. Nbd2 e5 10. dxe5 fxe5 11. Be3 b6 12. Nb1 Be6 13. Qc2 Qe7 14. Bd2 Bf5 15.
Qc1 Bf6 16. Ne1 Nd7 17. h3 h5 18. Kh2 Kg7 19. Na3 Rh8 20. Nac2 Rag8 21. Nf3 g5
22. Ne3 Be6 23. Qc2 Nd6 24. Ng1 g4 25. f4 e4 26. Rfd1 Kf8 27. Be1 h4 28. Nf1
hxg3+ 29. Bxg3 Nf5 30. Bxe4 dxe4 31. Qxe4 Nxg3 32. Nxg3 gxh3 33. Nf3 Bd5 34.
Qxe7+ Kxe7 35. Rg1 Nc5 36. e4 Bc4 37. e5 Bg7 38. Nf5+ Kf8 39. Rxg7 Rxg7 40.
Nxg7 Kxg7 41. Rg1+ Kf8 42. Nd4 Bd5 43. f5 Nd3 44. e6 Ne5 45. f6 c5 46. Rg5 Nf3+
47. Nxf3 Bxf3 48. Rg7 Rh6 49. Rf7+ Ke8 50. Re7+ Kf8 1/2-1/2

[Event "Open SSC Rostock 07"]
[Site "Rostock"]
[Date "2008.08.29"]
[Round "4.19"]
[White "Kaulich, Philipp Theodor"]
[Black "Friedel, Roland"]
[Result "1-0"]
[WhiteElo "1745"]
[BlackElo "1487"]
[PlyCount "61"]
[EventDate "2008.08.28"]
[EventType "swiss"]
[EventRounds "7"]
[EventCountry "GER"]
[Source "Th.Schwetlick"]
[SourceDate "2008.08.28"]
[WhiteTeam "SK Bebenhausen 1992"]
[BlackTeam "SF Drensteinfurt"]

1. e4 e6 2. d4 d5 3. e5 c5 4. c3 Qb6 5. a3 c4 6. g3 Nc6 7. Bh3 Nge7 8. f4 Na5
9. Nd2 g6 10. Ngf3 Nf5 11. Nf1 Bd7 12. Rb1 Bxa3 13. g4 Ng7 14. Qc2 Be7 15. Ng3
Qb3 16. Qf2 h5 17. gxh5 Nxh5 18. Nxh5 Rxh5 19. Bg4 Rh8 20. h4 O-O-O 21. Ng5
Bxg5 22. fxg5 Rdf8 23. O-O Nc6 24. Bf4 Ne7 25. Bg3 Nf5 26. Bxf5 exf5 27. e6
Bxe6 28. Qf4 Qb6 29. b3 cxb3 30. Rxb3 Qxb3 31. Qc7# 1-0

[Event "Open SSC Rostock 07"]
[Site "Rostock"]
[Date "2008.08.29"]
[Round "4.20"]
[White "Jepp, Wolfgang"]
[Black "Kornblum, Dittmar"]
[Result "0-1"]
[WhiteElo "1531"]
[BlackElo "1730"]
[PlyCount "31"]
[EventDate "2008.08.28"]
[EventType "swiss"]
[EventRounds "7"]
[EventCountry "GER"]
[Source "Th.Schwetlick"]
[SourceDate "2008.08.28"]
[WhiteTeam "SV RUGIA Bergen"]
[BlackTeam "Doberaner SV 90"]

1. e4 e6 2. d4 d5 3. exd5 exd5 4. Bd3 Nf6 5. Bg5 Be7 6. Ne2 Bg4 7. f3 Bh5 8.
O-O O-O 9. Nbc3 c6 10. a3 Nbd7 11. b4 h6 12. Bh4 Nh7 13. Bxe7 Qxe7 14. Qd2 Bg6
15. Bxg6 fxg6 16. Rfe1 {hier setzte Schwarz mit dem unmöglichen Zug Sc4 fort,
was keiner der Spieler bemerkte, Schwarz gewann nach 23 Zügen} (16. Rfe1 Ndf6
17. Kf2 Ne8 18. Kf1 Nd6 19. Kg1 Nc4 {das ist die Stellung nach dem
regelwidrigen Zug} 20. Qc1 Rae8 21. Nd1 Qh4 22. g3 Qh5 23. Nf2 Qxf3 24. Nf4 g5
25. Rxe8 Rxe8 26. Ng2 Re2) 0-1

[Event "Open SSC Rostock 07"]
[Site "Rostock"]
[Date "2008.08.29"]
[Round "4.21"]
[White "Moeller, Stefan"]
[Black "Doering, Manfred"]
[Result "1-0"]
[WhiteElo "1684"]
[BlackElo "1286"]
[PlyCount "95"]
[EventDate "2008.08.28"]
[EventType "swiss"]
[EventRounds "7"]
[EventCountry "GER"]
[Source "Th.Schwetlick"]
[SourceDate "2008.08.28"]
[WhiteTeam "HSG Uni Rostock"]
[BlackTeam "SV Einheit Schwerin"]

1. e4 e5 2. Nf3 Nc6 3. Bc4 d6 4. d4 h6 5. dxe5 Nxe5 6. Nxe5 dxe5 7. Bxf7+ Ke7
8. Qxd8+ Kxd8 9. Nc3 Bb4 10. Bd2 Nf6 11. f3 c6 12. O-O-O a5 13. Bxh6+ Ke7 14.
Bxg7 Rh7 15. Bxf6+ Kxf6 16. Bc4 b5 17. Be2 Be6 18. a3 Bc5 19. Kd2 Rd7+ 20. Ke1
Bd4 21. g3 Bh3 22. Bf1 Be6 23. h4 Rad8 24. Bd3 b4 25. axb4 axb4 26. Na4 c5 27.
Nb6 Rd6 28. Nd5+ Bxd5 29. exd5 Rxd5 30. b3 Bc3+ 31. Ke2 Rd4 32. Be4 Rd2+ 33.
Rxd2 Rxd2+ 34. Kf1 Bd4 35. g4 Rf2+ 36. Ke1 Rg2 37. g5+ Kg7 38. g6 Be3 39. h5
Bf4 40. Kf1 Rd2 41. Ke1 Rg2 42. Rh3 Rd2 43. h6+ Kh8 44. g7+ Kg8 45. h7+ Kxg7
46. h8=Q+ Kf7 47. Rh7+ Ke6 48. Qe8+ 1-0

[Event "Open SSC Rostock 07"]
[Site "Rostock"]
[Date "2008.08.29"]
[Round "4.22"]
[White "Pererva, Viktor"]
[Black "Hasenberg, Harald"]
[Result "0-1"]
[WhiteElo "1486"]
[BlackElo "1678"]
[PlyCount "90"]
[EventDate "2008.08.28"]
[EventType "swiss"]
[EventRounds "7"]
[EventCountry "GER"]
[Source "Th.Schwetlick"]
[SourceDate "2008.08.28"]
[WhiteTeam "SSC Rostock 07"]
[BlackTeam "SSC Rostock 07"]

1. e4 g6 2. d4 Bg7 3. c3 d6 4. f4 Nf6 5. Bd3 O-O 6. Nf3 b6 7. Nbd2 Nh5 8. f5
Nf4 9. Nb3 Nxd3+ 10. Qxd3 d5 11. fxg6 fxg6 12. Bd2 a5 13. Nc1 Ba6 14. Qe3 dxe4
15. Qxe4 Nd7 16. Ng5 Nf6 17. Qe6+ Kh8 18. Nf7+ Rxf7 19. Qxf7 Qd7 20. Ne2 Qg4
21. Ng3 h5 22. Rf1 Rf8 23. Qb3 Bxf1 24. Nxf1 Qxg2 25. O-O-O Ne4 26. Ne3 Qxh2
27. Qe6 Nxd2 28. Rxd2 Qd6 29. Qe4 Bh6 30. Rg2 Kh7 31. Kc2 Bxe3 32. Qxe3 Qf4 33.
Qxe7+ Rf7 34. Qe2 h4 35. Rg4 Qf5+ 36. Kd2 g5 37. a3 Kg6 38. Re4 Qf2 39. Re6+
Kg7 40. Qxf2 Rxf2+ 41. Ke3 Rf7 42. Re5 Kg6 43. b4 axb4 44. cxb4 h3 45. Re4 h2
0-1

[Event "Open SSC Rostock 07"]
[Site "Rostock"]
[Date "2008.08.29"]
[Round "4.23"]
[White "Jaehn, Justin"]
[Black "Celmer, Ole"]
[Result "1-0"]
[WhiteElo "1635"]
[BlackElo "1410"]
[PlyCount "111"]
[EventDate "2008.08.28"]
[EventType "swiss"]
[EventRounds "7"]
[EventCountry "GER"]
[Source "Th.Schwetlick"]
[SourceDate "2008.08.28"]
[WhiteTeam "SF Schwerin"]
[BlackTeam "SSC Rostock 07"]

1. Nf3 d5 2. b3 Nf6 3. e3 Bf5 4. Bb2 e6 5. Be2 c5 6. O-O Bd6 7. c4 O-O 8. cxd5
exd5 9. Nc3 Nc6 10. d4 cxd4 11. Nxd4 Bg6 12. Rc1 a6 13. Kh1 Qd7 14. Bf3 Bc7 15.
Na4 Qd6 16. g3 Nxd4 17. Qxd4 Be4 18. Bg2 h5 19. Rfd1 Rfd8 20. Nc5 Bxg2+ 21.
Kxg2 Bb6 22. Ba3 Qc6 23. f3 Rac8 24. b4 Bxc5 25. Rxc5 Qe6 26. Rdc1 Rxc5 27.
Rxc5 Re8 28. Rc3 Rc8 29. Bb2 Rxc3 30. Bxc3 Qc6 31. a3 Qa4 32. Qe5 Qc2+ 33. Kh3
Qe2 34. Qb8+ Kh7 35. Bxf6 gxf6 36. Qxb7 Qxf3 37. Qxf7+ Kh6 38. Qe6 Qf1+ 39. Kh4
Qf2 40. h3 Qf3 41. a4 Kg6 42. b5 axb5 43. axb5 Qd1 44. Qe8+ Kg7 45. Qb8 Kg6 46.
b6 Qb3 47. Qe8+ Kg7 48. Qxh5 Qxb6 49. Qxd5 Qxe3 50. Qf5 Qe1 51. Qg4+ Kh6 52.
Qf4+ Kg6 53. Qf3 f5 54. Qh5+ Kf6 55. Qg5+ Ke5 56. Qe7+ 1-0

[Event "Open SSC Rostock 07"]
[Site "Rostock"]
[Date "2008.08.29"]
[Round "4.25"]
[White "Jaehn, Janis"]
[Black "Schreiber, Felix"]
[Result "1/2-1/2"]
[WhiteElo "1514"]
[BlackElo "1292"]
[PlyCount "46"]
[EventDate "2008.08.28"]
[EventType "swiss"]
[EventRounds "7"]
[EventCountry "GER"]
[Source "Th.Schwetlick"]
[SourceDate "2008.08.28"]
[WhiteTeam "SF Schwerin"]
[BlackTeam "ASV Gruen-Weiss Wismar"]

1. f4 d5 2. b3 Nf6 3. Bb2 Nbd7 4. Nf3 e6 5. e3 Be7 6. Be2 O-O 7. O-O a6 8. h3
b5 9. d3 Bb7 10. Qe1 Bc5 11. Bd1 c6 12. Kh1 Qb6 13. d4 Be7 14. Nbd2 Rac8 15.
Ne5 b4 16. g4 Nxe5 17. fxe5 Nd7 18. Be2 c5 19. a4 cxd4 20. a5 Qa7 21. Bxd4 Bc5
22. Nf3 Bxd4 23. exd4 Rxc2 1/2-1/2

[Event "Open SSC Rostock 07"]
[Site "Rostock"]
[Date "2008.08.29"]
[Round "4.26"]
[White "Kirchner, Holger"]
[Black "Bardosch, Konstantin"]
[Result "1/2-1/2"]
[WhiteElo "1141"]
[BlackElo "1203"]
[PlyCount "43"]
[EventDate "2008.08.28"]
[EventType "swiss"]
[EventRounds "7"]
[EventCountry "GER"]
[Source "Th.Schwetlick"]
[SourceDate "2008.08.28"]
[WhiteTeam "Luebecker SV von 1873"]
[BlackTeam "SSC Rostock 07"]

1. Nc3 c5 2. Nf3 Nc6 3. e4 d6 4. Bb5 Bd7 5. O-O Nf6 6. d4 a6 7. Bxc6 Bxc6 8. d5
Bd7 9. Bg5 e6 10. Re1 Be7 11. e5 Nxd5 12. Bxe7 Nxc3 13. Bxd8 Nxd1 14. Raxd1
Rxd8 15. Rxd6 Bc6 16. Rxd8+ Kxd8 17. Ng5 Ke7 18. Ne4 b6 19. f4 Rd8 20. Nd6 f5
21. Rd1 a5 22. Kf2 1/2-1/2

[Event "Open SSC Rostock 07"]
[Site "Rostock"]
[Date "2008.08.29"]
[Round "4.27"]
[White "Bardosch, Karl Valentin"]
[Black "Hartmann, Andreas"]
[Result "1/2-1/2"]
[WhiteElo "1183"]
[BlackElo "1165"]
[PlyCount "54"]
[EventDate "2008.08.28"]
[EventType "swiss"]
[EventRounds "7"]
[EventCountry "GER"]
[Source "Th.Schwetlick"]
[SourceDate "2008.08.28"]
[WhiteTeam "SSC Rostock 07"]
[BlackTeam "SV Einheit Schwerin"]

1. e4 d6 2. d4 g6 3. c4 Nf6 4. Nc3 Bg7 5. f3 O-O 6. Be3 c5 7. d5 Qb6 8. Na4 Qc7
9. Qb3 Bd7 10. Nc3 a6 11. Bd3 e6 12. Nge2 exd5 13. exd5 Bc8 14. O-O Nbd7 15.
Bf4 Re8 16. Rae1 Ne5 17. Bxe5 Rxe5 18. Ng3 Qe7 19. Rxe5 Qxe5 20. Nce4 Nxe4 21.
Nxe4 Rb8 22. Qc3 Qxh2+ 23. Kxh2 Bxc3 24. Nxc3 Bd7 25. Ne4 Bf5 26. g4 Bxe4 27.
Bxe4 b5 1/2-1/2

[Event "Open SSC Rostock 07"]
[Site "Rostock"]
[Date "2008.08.30"]
[Round "5.1"]
[White "Jahn, Constanze"]
[Black "Tomczak, Rafal"]
[Result "1/2-1/2"]
[WhiteElo "2150"]
[BlackElo "2350"]
[PlyCount "47"]
[EventDate "2008.08.28"]
[EventType "swiss"]
[EventRounds "7"]
[EventCountry "GER"]
[Source "Th.Schwetlick"]
[SourceDate "2008.08.28"]
[WhiteTeam "USV Halle"]
[BlackTeam "SSC Rostock 07"]

1. e4 c5 2. c3 d5 3. exd5 Qxd5 4. d4 Nf6 5. Nf3 Bg4 6. Be2 e6 7. c4 Qd8 8. Be3
cxd4 9. Nxd4 Bxe2 10. Qxe2 Bb4+ 11. Nd2 O-O 12. O-O Nbd7 13. Rfd1 a6 14. a3 Bd6
15. b4 Qc7 16. g3 Rac8 17. Rac1 b6 18. N2b3 Qb8 19. c5 bxc5 20. bxc5 Nxc5 21.
Nxc5 Bxc5 22. Rxc5 Rxc5 23. Nxe6 Rc6 24. Nxf8 1/2-1/2

[Event "Open SSC Rostock 07"]
[Site "Rostock"]
[Date "2008.08.30"]
[Round "5.3"]
[White "Szelag, Marcin"]
[Black "Krueger, Alexander"]
[Result "1-0"]
[WhiteElo "2474"]
[BlackElo "2055"]
[PlyCount "49"]
[EventDate "2008.08.28"]
[EventType "swiss"]
[EventRounds "7"]
[EventCountry "GER"]
[Source "Th.Schwetlick"]
[SourceDate "2008.08.28"]
[WhiteTeam "SSC Rostock 07"]
[BlackTeam "SF Ostsee Warnemuende"]

1. e4 c5 2. Nf3 g6 3. d4 cxd4 4. Nxd4 Bg7 5. Nc3 Nc6 6. Be3 d6 7. Qd2 Nf6 8. f3
O-O 9. Bc4 a6 10. h4 Nxd4 11. Bxd4 b5 12. Bb3 Bb7 13. h5 Qa5 14. hxg6 hxg6 15.
O-O-O Rfc8 16. Kb1 Qc7 17. g4 Bc6 18. g5 Nh5 19. Bxg7 Kxg7 20. Qd4+ Kg8 21.
Rxh5 gxh5 22. g6 e5 23. Qd2 Kg7 24. gxf7 Kf6 25. Qh6+ 1-0

[Event "Open SSC Rostock 07"]
[Site "Rostock"]
[Date "2008.08.30"]
[Round "5.4"]
[White "Steinhagen, Bernd"]
[Black "Stutz, Reno"]
[Result "1-0"]
[WhiteElo "2316"]
[BlackElo "2068"]
[PlyCount "80"]
[EventDate "2008.08.28"]
[EventType "swiss"]
[EventRounds "7"]
[EventCountry "GER"]
[Source "Th.Schwetlick"]
[SourceDate "2008.08.28"]
[WhiteTeam "SC Rotation Pankow"]
[BlackTeam "ASV Gruen-Weiss Wismar"]

1. c4 Nf6 2. Nc3 e6 3. Nf3 d5 4. cxd5 exd5 5. d4 Bd6 6. Bg5 c6 7. Qc2 O-O 8. e3
Be6 9. Ne5 c5 10. Bd3 h6 11. Bh4 cxd4 12. exd4 Nc6 13. Nxc6 bxc6 14. O-O-O Rb8
15. h3 c5 16. Kb1 c4 17. Bh7+ Kh8 18. Bf5 Ba3 19. Na4 Bxf5 20. Qxf5 Bxb2 21.
Nxb2 c3 22. Kc2 Rxb2+ 23. Kd3 Qc7 24. Rhe1 c2 25. Rc1 Qc4+ 26. Ke3 Qc3+ 27. Kf4
g5+ 28. Bxg5 hxg5+ 29. Kxg5 Rg8+ 30. Kh4 Qxd4+ 31. g4 Rg6 32. Re3 Kg7 33. Kg3
Rxa2 34. Kg2 Nxg4 35. Kh1 Nxf2+ 36. Qxf2 Ra1 37. Qxc2 Rxc1+ 38. Qxc1 Qf6 39.
Qa1 d4 40. Rd3 Qc6+ {ZÜ} 1-0

[Event "Open SSC Rostock 07"]
[Site "Rostock"]
[Date "2008.08.30"]
[Round "5.6"]
[White "Friedrich, Paul Robert"]
[Black "Stiemerling, Wilfried"]
[Result "0-1"]
[WhiteElo "2043"]
[BlackElo "2184"]
[PlyCount "90"]
[EventDate "2008.08.28"]
[EventType "swiss"]
[EventRounds "7"]
[EventCountry "GER"]
[Source "Th.Schwetlick"]
[SourceDate "2008.08.28"]
[WhiteTeam "SC Neukloster"]
[BlackTeam "SC Rotation Pankow"]

1. d4 d5 2. Bf4 Nf6 3. e3 e6 4. c4 Be7 5. Nc3 O-O 6. Nf3 Nbd7 7. cxd5 Nxd5 8.
Nxd5 exd5 9. Bd3 Nf6 10. O-O Bg4 11. Qc2 c6 12. Ne5 Bh5 13. Rab1 Bg6 14. b4
Bxd3 15. Nxd3 Rc8 16. Rfc1 Bd6 17. Bg3 a6 18. Nc5 Bxg3 19. hxg3 Qe7 20. a4 Ne8
21. Nd3 Nd6 22. Qc5 Qd7 23. Nb2 h5 24. Qc2 g6 25. Qe2 Rce8 26. Nd3 f6 27. Nc5
Qf7 28. g4 h4 29. Qf3 Kg7 30. Rc2 Rh8 31. Rbc1 Re7 32. Qf4 Nc4 33. Re1 g5 34.
Qf3 Nd6 35. Rce2 Ne4 36. Nxe4 dxe4 37. Qf5 Rd8 38. Qc5 Qe6 39. f3 Rd5 40. Qc2
exf3 41. gxf3 Qd6 42. f4 Qxb4 43. e4 Qxd4+ 44. Kh1 Rc5 45. Qb3 Rc3 0-1

[Event "Open SSC Rostock 07"]
[Site "Rostock"]
[Date "2008.08.30"]
[Round "5.7"]
[White "Hanisch, Sebastian"]
[Black "Wilting, Alexander"]
[Result "0-1"]
[WhiteElo "2109"]
[BlackElo "1903"]
[PlyCount "48"]
[EventDate "2008.08.28"]
[EventType "swiss"]
[EventRounds "7"]
[EventCountry "GER"]
[Source "Th.Schwetlick"]
[SourceDate "2008.08.28"]
[WhiteTeam "SF Schwerin"]
[BlackTeam "ESV Rot-Weiss Goettingen"]

1. e4 e5 2. Nf3 Nf6 3. Nc3 Nc6 4. Bb5 Bd6 5. d3 a6 6. Ba4 b5 7. Bb3 h6 8. O-O
O-O 9. Qe2 Re8 10. Nd5 Na5 11. Ne3 Nxb3 12. axb3 Bc5 13. Bd2 d5 14. exd5 Nxd5
15. Rae1 Bb7 16. Nf5 Nf4 17. Qd1 Qf6 18. Bxf4 exf4 19. N3h4 f3 20. g4 g6 21.
Nxh6+ Kh7 22. Nxf7 Qxh4 23. Kh1 Kg7 24. Ne5 Rh8 0-1

[Event "Open SSC Rostock 07"]
[Site "Rostock"]
[Date "2008.08.30"]
[Round "5.9"]
[White "Valet, Richard"]
[Black "Hittinger, Immanuel"]
[Result "1/2-1/2"]
[WhiteElo "2071"]
[BlackElo "1941"]
[PlyCount "55"]
[EventDate "2008.08.28"]
[EventType "swiss"]
[EventRounds "7"]
[EventCountry "GER"]
[Source "Th.Schwetlick"]
[SourceDate "2008.08.28"]
[WhiteTeam "Greifswalder SV"]
[BlackTeam "SK Bebenhausen 1992"]

1. e4 c6 2. d4 d5 3. exd5 cxd5 4. Bd3 Nc6 5. c3 Qc7 6. Nd2 Nf6 7. Ngf3 Bg4 8.
Qa4 a6 9. Ne5 Rc8 10. O-O e6 11. f4 g6 12. Nxg4 Nxg4 13. Nf3 Bg7 14. Bd2 O-O
15. Rae1 b5 16. Qd1 Nf6 17. Ne5 Rb8 18. a3 a5 19. g4 b4 20. axb4 axb4 21. Re3
bxc3 22. bxc3 Rb2 23. Rh3 Ra8 24. Bc1 Rba2 25. Bb1 Ra1 26. Bb2 R1a7 27. Bc1 Ra1
28. Bb2 1/2-1/2

[Event "Open SSC Rostock 07"]
[Site "Rostock"]
[Date "2008.08.30"]
[Round "5.10"]
[White "Jeske, Holger"]
[Black "Kliewe, Hans Juergen"]
[Result "1/2-1/2"]
[WhiteElo "1748"]
[BlackElo "2192"]
[PlyCount "118"]
[EventDate "2008.08.28"]
[EventType "swiss"]
[EventRounds "7"]
[EventCountry "GER"]
[Source "Th.Schwetlick"]
[SourceDate "2008.08.28"]
[WhiteTeam "SSC Rostock 07"]
[BlackTeam "ASV Gruen-Weiss Wismar"]

1. e4 e6 2. d4 d5 3. exd5 exd5 4. Nf3 Nf6 5. Bd3 Bg4 6. O-O Be7 7. Re1 O-O 8.
c3 Nbd7 9. h3 Bh5 10. Bf4 Re8 11. Nbd2 c6 12. Qc2 Nf8 13. Ne5 N6d7 14. Bh2 Nxe5
15. Rxe5 Bg6 16. Rae1 Qd7 17. R5e2 Bf6 18. Nf3 Rxe2 19. Qxe2 Bxd3 20. Qxd3 Re8
21. Be5 Bd8 22. Re3 f6 23. Bg3 Rxe3 24. Qxe3 Ng6 25. Nh4 Qe7 26. Nf5 Qxe3 27.
Nxe3 Ne7 28. Bb8 a6 29. Bd6 Nc8 30. Bg3 g6 31. Kf1 Kf7 32. Ke2 f5 33. Kd3 Bg5
34. Bc7 Ke6 35. f4 Be7 36. Be5 h5 37. g4 Nd6 38. Bxd6 Bxd6 39. gxf5+ gxf5 40.
Ng2 Be7 41. b3 c5 42. c4 dxc4+ 43. bxc4 cxd4 44. Kxd4 b6 45. Kd3 Bc5 46. Ke2 b5
47. cxb5 axb5 48. Kf3 b4 49. Kg3 Be7 50. Kf3 Bf6 51. Ne3 Bd4 52. Ng2 Bc5 53.
Nh4 Bf8 54. Ng2 Be7 55. Ne3 Bc5 56. Ng2 Kd5 57. Nh4 Kc4 58. Nxf5 Kc3 59. Ne3
Kb2 1/2-1/2

[Event "Open SSC Rostock 07"]
[Site "Rostock"]
[Date "2008.08.30"]
[Round "5.12"]
[White "Birnbaum, Wolf Dieter"]
[Black "Boehm, Matthias"]
[Result "1/2-1/2"]
[WhiteElo "2096"]
[BlackElo "1756"]
[PlyCount "34"]
[EventDate "2008.08.28"]
[EventType "swiss"]
[EventRounds "7"]
[EventCountry "GER"]
[Source "Th.Schwetlick"]
[SourceDate "2008.08.28"]
[WhiteTeam "SF Ostsee Warnemuende"]
[BlackTeam "HSG Uni Rostock"]

1. Nf3 g6 2. g3 c5 3. Bg2 Bg7 4. d4 cxd4 5. Nxd4 Nc6 6. Nxc6 dxc6 7. Qxd8+ Kxd8
8. Na3 e5 9. Bg5+ f6 10. O-O-O+ Kc7 11. Bd2 Be6 12. Ba5+ b6 13. Nb5+ cxb5 14.
Bxb6+ axb6 15. Bxa8 Nh6 16. Bd5 Bc8 17. Rd3 Ng4 1/2-1/2

[Event "Open SSC Rostock 07"]
[Site "Rostock"]
[Date "2008.08.30"]
[Round "5.14"]
[White "Kornblum, Dittmar"]
[Black "Zoll, Detlef"]
[Result "1-0"]
[WhiteElo "1730"]
[BlackElo "2035"]
[PlyCount "59"]
[EventDate "2008.08.28"]
[EventType "swiss"]
[EventRounds "7"]
[EventCountry "GER"]
[Source "Th.Schwetlick"]
[SourceDate "2008.08.28"]
[WhiteTeam "Doberaner SV 90"]
[BlackTeam "ESV 1949 Eberswalde"]

1. e4 e6 2. d4 d5 3. Nc3 Bb4 4. e5 c5 5. a3 Bxc3+ 6. bxc3 Qc7 7. Qg4 f5 8. Qh5+
g6 9. Qd1 cxd4 10. Qxd4 Nc6 11. Bb5 Nge7 12. f4 Bd7 13. Bxc6 Nxc6 14. Qd3 Na5
15. Ne2 Rc8 16. O-O Nc4 17. Nd4 Nb6 18. Rf3 Na4 19. Bd2 Qb6 20. Kh1 Qb2 21. Qf1
Nxc3 22. Bxc3 Rxc3 23. Rb1 Rxf3 24. Nxf3 Qxa3 25. Rxb7 Ke7 26. h3 Rd8 27. Ng5
h6 28. Nh7 Qa4 29. Qf2 a6 30. Qh4+ 1-0

[Event "Open SSC Rostock 07"]
[Site "Rostock"]
[Date "2008.08.30"]
[Round "5.15"]
[White "Vladov, Mark"]
[Black "Xu, Xianliang"]
[Result "0-1"]
[WhiteElo "1708"]
[BlackElo "1871"]
[PlyCount "84"]
[EventDate "2008.08.28"]
[EventType "swiss"]
[EventRounds "7"]
[EventCountry "GER"]
[Source "Th.Schwetlick"]
[SourceDate "2008.08.28"]
[WhiteTeam "SF Ostsee Warnemuende"]
[BlackTeam "SK Bebenhausen 1992"]

1. Nf3 d5 2. c4 d4 3. e3 Nc6 4. exd4 Nxd4 5. Nxd4 Qxd4 6. Nc3 e5 7. d3 Ne7 8.
Be3 Qd8 9. Be2 Nc6 10. O-O Bd6 11. Ne4 O-O 12. c5 Be7 13. f4 f5 14. Qb3+ Kh8
15. Ng5 Bxg5 16. fxg5 Nd4 17. Qd1 f4 18. Bf2 Bf5 19. Re1 Qxg5 20. Bxd4 exd4 21.
Bf3 Rae8 22. Qa4 Re3 23. Rxe3 dxe3 24. Qb4 Rd8 25. d4 Bg4 26. Qxb7 Qh4 27. Qe4
Qf2+ 28. Kh1 Bxf3 29. gxf3 Qxb2 30. Rg1 Qxd4 31. Qe7 Rg8 32. h4 Qd5 33. Rf1 Qd3
34. Re1 Qd8 35. Qg5 Qxg5 36. hxg5 Rd8 37. Kh2 Rd5 38. Rb1 g6 39. c6 Rxg5 40.
Rb8+ Kg7 41. Rb7 e2 42. Rxc7+ Kf6 0-1